000 00691cam a22002411 4500
999 _c8963
_d8963
001 8963
003 BD-JhCC
005 20180529125216.0
008 720524s1964 pau 000 0 eng
035 _a(BD-JhCC)8963
035 _a(OCoLC)316907
040 _aDLC
_cODaWU
_dOCoLC
_dDLC
041 _aeng
050 0 0 _aPE1122
_b.G8
082 _a828.082
_bGUE 1964
100 1 _aGuérard, Albert J.
_q(Albert Joseph),
_d1914-
245 1 4 _aThe personal voice :
_ba contemporary prose reader /
_cedited by Albert J. Guerard [and others]
260 _aPhiladelphia,
_bLippincott
_c[1964]
300 _axiii, 618 p.
_c25 cm.
650 0 _aCollege readers.
942 _2ddc
_cBK